01769nam a2200433 i 450000500170000000700030001700800410002002000180006104000350007904100080011408200230012224502050014525000220035026400430037230000410041533600270045633700330048333800280051652100380054465000580058265000460064065000380068665000430072470000410076770000490080870000480085770000440090570000410094970000440099070000390103470000360107370000470110970000360115670000370119270000400122970000390126994200120130899900150132020220317001947.0ta210818s2019 ck a er 000 0 spa d a9789585602373 aCO-BoRNBPbspaerdacCO-BoRNBP0 aspa04a398.9861 bC6622200aCorazón coplerobuna reedición de El coplero campesino de Acción Cultural Popular (ACPO) y Radio Sutatenzactextos Astrid Ávila ... [y otros seis] ; dibujos Daniela Orrego ... [y otros cinco] aSegunda edición 1aBogotábLa Jaula Publicacionesc2019 a158 páginasbilustraciones c18 cm 2rdacontentatextobtxt 2rdamediaasin mediaciónbn 2rdacarrieravolumenbnc aRecomendado para público adulto17aCampesinosxVida social y costumbreszColombia 2LEMB17aCanciones folclóricas colombianas2LEMB17aFolclor campesinozColombia2LEMB17aPoesía colombianaxColecciones2LEMB1 aOrrego, Danielaeilustradora91351301 aMoreno, Raquel Sofía eilustradora91351311 aRosillo, Juan Sebastianeilustrador91827461 aHernández, Manueleilustrador91827471 aCarulla, Helenaeilustradora91827481 aSánchez, Martíneilustrador91827491 aMéndez, Consuelo eautora9343911 aÁvila, Astrideautora91351371 aAngarita Bernal, Juan Pabloeautor91351321 aPerilla, José eautor91351341 aConto, Juan Pabloeautor91351351 aSupelano, Gabriela eautora91351361 aÁlvarez, Santiagoeautor9135138 2ddccBK c8703d8703